Calciatori del Chelsea nella Squadra della stagione della Champions - Statistics

Statistiche generali
  • Questo quiz è stato fatto 7 volte
  • Il punteggio medio è 6 su 8
Statistiche sulle risposte
Numero apparizioni Edizioni apparizioni Nazione Calciatore % Corretto
1 2020-2021 Brasile / Italia Jorginho
100%
1 2020-2021 Francia N'Golo Kanté
100%
2 2020-2021; 2021-2022 Germania Antonio Rüdiger
86%
1 2014-2015 Serbia Branislav Ivanović
86%
1 2020-2021 Inghilterra Mason Mount
86%
1 2020-2021 Spagna César Azpilicueta
71%
1 2020-2021 Senegal Edouard Mendy
71%
1 2020-2021 Inghilterra Ben Chilwell
43%
Nessun quiz corrispondente trovato
Distribuzione punteggi
Percentuale di utenti per punteggio
Percentile per numero di risposta
I tuoi punteggi nel tempo
Non hai fatto questo quiz